ˆ(‰Элементы производства и коммутация) (Запись № 13612405)

Подробности
000 -МАРКЕР
контрольное поле 01555nam2a2200301 4500
001 - ИДЕНТИФИКАТОР ЗАПИСИ
контрольное поле rc\2986176
005 - ИДЕНТИФИКАТОР ВЕРСИИ
контрольное поле 20110912152253.2
035 ## - ДРУГИЕ СИСТЕМНЫЕ НОМЕРА
Идентификатор записи (NLR Aleph) 007130659
100 ## - ДАННЫЕ ОБЩЕЙ ОБРАБОТКИ
Данные общей обработки 20110912d1935 |||y0rusy50 ca
101 0# - ЯЗЫК РЕСУРСА
Язык текста, звукозаписи и т.д. русский
102 ## - СТРАНА ПУБЛИКАЦИИ ИЛИ ПРОИЗВОДСТВА
Страна публикации Российская Федерация
105 ## - ПОЛЕ КОДИРОВАННЫХ ДАННЫХ: ТЕКСТОВЫЕ МАТЕРИАЛЫ, МОНОГРАФИЧЕСКИЕ
Кодированные данные о монографическом текстовом документе a j |||||
200 1# - ЗАГЛАВИЕ И СВЕДЕНИЯ ОБ ОТВЕТСТВЕННОСТИ
Основное заглавие ˆ(‰Элементы производства и коммутация)
Сведения, относящиеся к заглавию Учебник для втузов связи
Первые сведения об ответственности Инж. П.Ф. Кошкодаев
Последующие сведения об ответственности Под ред. Б.С. Комарова
210 ## - ПУБЛИКАЦИЯ, РАСПРОСТРАНЕНИЕ И ДР.
Дата издания, распространения и т.д. 1935
Имя изготовителя 39 тип. Мособлполиграфа
215 ## - ФИЗИЧЕСКАЯ ХАРАКТЕРИСТИКА
Специфическое обозначение материала и объем Обл., 291 с.
Другие сведения о физической характеристике ил.
300 ## - ОБЩИЕ ПРИМЕЧАНИЯ
Текст примечания На тит. л.: "Инж. П.Ф. Кошкодаев. Устройство и оборудование телеграфных станций"
300 ## - ОБЩИЕ ПРИМЕЧАНИЯ
Текст примечания 1 ч. Комаров, Б.С. Устройство и оборудование телеграфных станций
320 ## - ПРИМЕЧАНИЯ О НАЛИЧИИ В ДОКУМЕНТЕ БИБЛИОГРАФИИ / УКАЗАТЕЛЯ
Текст примечания Библиогр.: "Литература" в конце каждой главы
461 #0 - УРОВЕНЬ НАБОРА
Встроенное поле 001rc\2986174
-- 2001#$aУстройство и оборудование телеграфных станций ...$e(Пособие для втузов). Ч. 1-$fинж. Б.С. Комаров$vЧ. 2
517 00 - ДРУГИЕ ВАРИАНТЫ ЗАГЛАВИЯ
Вариант заглавия Устройство и оборудование телеграфных станций
702 #1 - ИМЯ ЛИЦА - ВТОРИЧНАЯ ОТВЕТСТВЕННОСТЬ
Начальный элемент ввода Кошкодаев
Часть имени, кроме начального элемента ввода П. Ф.
Расширение инициалов личного имени Петр Филиппович
Код отношения Прочие
702 #1 - ИМЯ ЛИЦА - ВТОРИЧНАЯ ОТВЕТСТВЕННОСТЬ
Начальный элемент ввода Комаров
Часть имени, кроме начального элемента ввода Б. С.
Код отношения Редактор
801 #0 - ИСТОЧНИК ЗАПИСИ
Страна Российская Федерация
Организация NLR
Правила каталогизации psbo
801 #1 - ИСТОЧНИК ЗАПИСИ
Страна Российская Федерация
Организация ELAR
Источник данных rusmarc
852 ## - МЕСТОНАХОЖДЕНИЕ И ШИФР ХРАНЕНИЯ
Идентификатор организации NLR
Шифр хранения (Call Number) 34-17/297(2)
942 ## - ДОПОЛНИТЕЛЬНЫЕ ЭЛЕМЕНТЫ ЗАПИСИ (АБИС)
Тип экземпляра АБИС Книга
980 ## - КОЛЛЕКЦИЯ
Название коллекции Национальная библиография

Нет доступных экземпляров.